| 000 | 00397nas a22001577a 4500 | ||
|---|---|---|---|
| 001 | T027600010270-00 | ||
| 008 | 190830b xxu||||| |||| 00| 0 esp | | ||
| 040 |
_aFEVP _cFEVP |
||
| 245 | _aCuadernos de la Sociedad Venezolana de Planificación | ||
| 260 | _c1968 | ||
| 300 | _a94 p. | ||
| 650 | _aHábitos Alimenticios | ||
| 650 | _aCocina--Historia | ||
| 650 | _aAlimentos--Historia | ||
| 942 | _cREV | ||
| 999 |
_c13000 _d13000 |
||